00428 2200169 4500001002100000005001700021006001900038008004100057020001800098035002500116041000700141100001700148245001700165260003300182300002400215700001900239INLIS00000000000356720140305100834.0a ||| | 180719| ||| | id  a979-730-293-8 a0010-031300000003567 aid0 aU. Syahbudin00aCiung Wanara aBandungbPustaka Setiac2004 a120 hal, 18.5x26 cm0 aRini Kurniasih